000 02395cam a22002054a 4500
005 20250605164032.0
008 250528s ||||||||||||||||||||||||d
035 _a16689
020 _a9608165121
040 _aGR-AtMCL
_bgre
_dGR-AtMCL
_eAACR2
245 1 _aΣτοιχεία Εμπορικού Δικαίου / Γενικό μέρος, Βιομηχανική Ιδιοκτησία και Ανταγωνισμός, Εμπορικές Εταιρίες, Αξιόγραφα, Πτωχευτικό Δίκαιο
250 _a
260 _bΣύγχρονη Εκδοτική,
_c2000
300 _a464
520 _aΓενικό Μέρος Εμπορικού Δικαίου, Αντικείμενο και Ιστορία του Εμπορικού Δίκαιου, Οι Εμπορικές Πράξεις, Οι Έμποροι, Επαγγελματικές Υποχρεώσεις των Εμπόρων, Βιομηχανική Ιδιοκτησία και Ανταγωνισμός, Επιχείρηση και Βιομηχανική Ιδιοκτησία, Εμπορική Επωνυμία, Σήμα, Ευρεσιτεχνία, Δίκαιο Ανταγωνισμού, Δίκαιο Εμπορικών Εταιριών, Εμπορικές Εταιρίες, Πρωσικές Εμπορικές Εταιρίες Κανόνες που Εφαρμόζονται σ'όλες τις Προσωπικές Εταιρίες, Οι Επί Μέρους Προσωπικές Εμπορικές Εταιρίες, Η Ανώνυμη Εταιρία, Εταιρία περιορισμένης Ευθύνης (Ε.Π.Ε.), Μονοπρόσωπη Εταιρία Περιορισμένης Ευθύνης, Ναυτική Εταιρία, Συνεταιριστικές Επιχειρήσεις, Νέες Εταιρικές Μορφές, Δίκαι Αξιογράφων, Τα Αξιόγραφα, Συναλλαγματική, Γραμμάτιο σε Διαταγή, Επιταγή, Πτωχευτικό Δίκαιο, Πτώχευση και Ατομική Αναγκαστική Εκτέλεση, Η Κήρυξη της Πτώχευσης, Αποτέλεσμα της Πτώχευσης, Οι Εργασίες της Πτώχευσης - Παύση των Εργασιών, Περάτωση της Πτώχευσης.
700 1 _aΣερελέα Γαρυφάλλια
_92777
942 _cBK
999 _c2164
_d2164